000 00578nam a2200181Ia 4500
008 100920s9999 xx 000 0 und d
082 _b108216
_a520 न 09
100 _aभोला संजय.
245 _aविविध खेळ आणि नियम.
260 _bसाकेतऔरंगाबाद.
_c2009
300 _a278
_bसाधी
365 _b150
520 _aशाअ.
630 _aविविध खेळ आणि नियम.
650 _aशाअ.
730 _aविविध खेळ आणि नियम.
942 _cBOOK
999 _c748640
_d748637